[Event "Julio vs. Lomanto"]
[Site "http://www.queenalice.com/game.php?id=362207"]
[Date "2008.2.27"]
[Round "-"]
[White "juliocd"]
[Black "lomantpa"]
[Result "1-0"]
[WhiteElo "1588"]
[BlackElo "1151"]

1. e4 e6 2. e5 d5 3. d4 Bd7 4. Nf3 a6 5. a3 h6 6. g3 Ne7 7. Nc3 g5 8. g4 Nbc6 9.
Be3 Qb8 10. Bd3 f5 11. gxf5 exf5 12. b4 f4 13. Bd2 Bg4 14. b5 Na5 15. bxa6 bxa6
16. Rb1 Qc8 17. Be2 Nf5 18. Nxd5 Qe6 19. Nxc7+ Kd7 20. Nxe6 Kxe6 21. Bxa5 Bxa3
22. Bc4+ Kd7 23. e6+ Ke7 24. Bd5 Rac8 25. Rb7+ Kf8 26. Rf7+ Ke8 27. Qd3 Rb8 28.
Qxa3 Rb1+ 29. Ke2 Nxd4+ 30. Kd3 Bxf3 31. Qe7# 1-0

[Event "Challenge"]
[Site "http://www.queenalice.com/game.php?id=385800"]
[Date "2008.4.11"]
[Round "-"]
[White "mmarco"]
[Black "juliocd"]
[Result "0-1"]
[WhiteElo "1232"]
[BlackElo "1500"]

1. e3 e5 2. d4 e4 3. f3 f5 4. fxe4 fxe4 5. Qh5+ g6 6. Qe5+ Qe7 7. Qxh8 Nf6 8.
Nc3 Nc6 9. Nh3 d5 10. Nb5 Bxh3 11. gxh3 O-O-O 12. Rg1 Bg7 13. Qxd8+ Qxd8 14. Rg5
Nb4 15. Nxa7+ Kb8 16. Nb5 Nxc2+ 17. Kd1 Nxa1 18. Bd2 Qd7 19. Nc3 Qd6 20. Nb5
Qxh2 21. Re5 Qh1 22. Ke2 Nc2 23. Kd1 c6 24. Nc3 Na1 25. Ke1 Nc2+ 26. Ke2 Qf3#
0-1

[Event "Challenge"]
[Site "http://www.queenalice.com/game.php?id=385801"]
[Date "2008.4.11"]
[Round "-"]
[White "juliocd"]
[Black "mmarco"]
[Result "1-0"]
[WhiteElo "1566"]
[BlackElo "1232"]

1. d4 e6 2. Nf3 Nh6 3. Bxh6 gxh6 4. a3 d5 5. e3 Nc6 6. Nc3 a6 7. Bd3 b5 8. O-O
b4 9. axb4 Nxb4 10. Ne2 Bd6 11. c3 Nc6 12. b4 e5 13. dxe5 Nxe5 14. Nxe5 Bxe5 15.
f4 Bf6 16. e4 dxe4 17. Bxe4 Ra7 18. Qc2 Qe7 19. Rad1 Bb7 20. Bxb7 Rxb7 21. Qa4+
Kf8 22. Rd7 Qxe2 23. Qc6 Rg8 24. Qxb7 Qxg2+ 25. Qxg2 Rxg2+ 26. Kxg2 Bxc3 27.
Rxc7 Bxb4 28. Ra1 Bd6 29. Rc8+ Kg7 30. f5 Be5 31. Rxa6 h5 32. Kh3 Bf4 33. Kh4
Bd2 34. Kxh5 Bc1 35. f6# 1-0

[Event "Challenge"]
[Site "http://www.queenalice.com/game.php?id=459423"]
[Date "2008.9.6"]
[Round "-"]
[White "koshnarek"]
[Black "juliocd"]
[Result "1-0"]
[WhiteElo "1565"]
[BlackElo "1632"]

1. e4 d5 2. d3 d4 3. Bd2 Nc6 4. c3 e5 5. Nf3 Bg4 6. Be2 Bxf3 7. Bxf3 g6 8. Qb3
b6 9. Qb5 Ne7 10. c4 Qd7 11. Na3 Bg7 12. Nc2 O-O 13. Nb4 a6 14. Qa4 a5 15. Nd5
Nb8 16. Qxd7 Nxd7 17. Nxe7+ Kh8 18. b4 Bf6 19. Nc6 a4 20. Bg4 Rad8 21. Nxd8 Rxd8
22. a3 h5 23. Bd1 Be7 24. Bxa4 Nf6 25. f3 h4 26. Bg5 Ng8 27. Bxe7 Nxe7 28. g3 g5
29. gxh4 gxh4 30. Rg1 Ng6 31. Rg4 Nf4 32. Kd2 f6 33. Rag1 Nh3 34. Rxh4# 1-0

[Event "Challenge"]
[Site "http://www.queenalice.com/game.php?id=463635"]
[Date "2008.9.15"]
[Round "-"]
[White "grazo"]
[Black "juliocd"]
[Result "1-0"]
[WhiteElo "1954"]
[BlackElo "1554"]

1. Nf3 d5 2. d4 Nc6 3. e3 Nf6 4. h3 a6 5. Bd3 g6 6. a3 Bg7 7. c3 O-O 8. Qc2 b5
9. Nbd2 Qd6 10. e4 dxe4 11. Nxe4 Nxe4 12. Bxe4 Bb7 13. d5 Ne5 14. Bf4 f5 15.
Bxe5 Bxe5 16. Bd3 Qxd5 17. O-O-O Bf4+ 18. Kb1 Qd6 19. Bxf5 Qc5 20. Be6+ Kg7 21.
Nd4 Bxg2 22. Bg4 Bd5 23. Rhe1 h5 24. Be6 Qc4 25. Bxd5 Qxd5 26. Ne6+ Qxe6 27.
Rxe6 Rf6 28. Rxe7+ Rf7 29. Rxf7+ Kxf7 30. Qe4 Re8 31. Qxf4+ 1-0

[Event "Challenge"]
[Site "http://www.queenalice.com/game.php?id=463636"]
[Date "2008.9.15"]
[Round "-"]
[White "juliocd"]
[Black "grazo"]
[Result "0-1"]
[WhiteElo "1554"]
[BlackElo "1952"]

1. d4 e6 2. d5 exd5 3. Qxd5 Nf6 4. Qe5+ Be7 5. Qe3 d5 6. Nf3 Ng4 7. Qd4 Bf6 8.
Qa4+ c6 9. h3 Ne5 10. Bf4 Nxf3+ 11. exf3 Bxb2 12. Bxb8 Bxa1 13. Bf4 Bf6 14. Bd3
Qe7+ 15. Be3 d4 16. Bb5 cxb5 17. Qxb5+ Bd7 18. Qxb7 O-O 19. Qe4 dxe3 20. Qxe7
exf2+ 21. Kxf2 Bxe7 22. Nd2 Bc5+ 23. Kf1 Bb5+ 24. Ke1 Bb4 25. c3 Bxc3 26. Kd1
Rfd8 27. Kc2 Bxd2 28. Rb1 Bd3+ 29. Kxd2 Bxb1+ 0-1

[Event "Challenge"]
[Site "http://www.queenalice.com/game.php?id=477867"]
[Date "2008.10.16"]
[Round "-"]
[White "jordancavalera"]
[Black "juliocd"]
[Result "1-0"]
[WhiteElo "1664"]
[BlackElo "1554"]

1. e4 e5 2. Nf3 Nf6 3. d3 g6 4. Nxe5 d6 5. Nf3 Be7 6. Nc3 O-O 7. Be3 Bg4 8. Be2
Bxf3 9. Bxf3 Nc6 10. O-O a6 11. a3 Ne5 12. Bh6 Re8 13. d4 Nc4 14. e5 dxe5 15.
dxe5 Nxe5 16. Bxb7 Qxd1 17. Raxd1 Rab8 18. Bxa6 Rxb2 19. Bb5 c6 20. Ba4 Rb7 21.
Rfe1 Neg4 22. Bxc6 Bc5 23. Rxe8+ Nxe8 24. Rd8 Bxf2+ 25. Kf1 Re7 26. Rxe8+ Rxe8
27. Bxe8 Bd4 28. Nb5 Nxh6 29. Nxd4 Ng4 30. h3 Ne3+ 31. Kf2 Nd5 32. a4 Nc7 33.
Bc6 f5 34. a5 h5 35. Bb7 f4 36. a6 Kf8 37. a7 1-0

[Event "UOL"]
[Site "http://www.queenalice.com/game.php?id=504305"]
[Date "2008.12.7"]
[Round "1"]
[White "juliocd"]
[Black "jordancavalera"]
[Result "0-1"]
[WhiteElo "1521"]
[BlackElo "1723"]

1. d4 Nf6 2. d5 g6 3. c4 c6 4. Bg5 Bg7 5. Bxf6 Bxf6 6. Nf3 Bxb2 7. Nc3 Bxc3+ 8.
Nd2 Bxa1 9. Qxa1 O-O 10. g3 Qa5 11. Bg2 cxd5 12. Qb2 dxc4 13. O-O c3 14. Nc4
cxb2 15. Nxa5 d5 16. Bxd5 Bf5 17. e4 Bc8 18. Rb1 e6 19. Bc4 b6 20. Nb3 Ba6 21.
Bxa6 Nxa6 22. Rxb2 Nc5 23. Nd4 Nxe4 24. Nc6 Kg7 25. a4 Rfc8 26. Ne5 Rc1+ 27. Kg2
h5 28. Rb4 f5 29. f3 Rc2+ 30. Kh3 Ng5+ 0-1

[Event "UOL2"]
[Site "http://www.queenalice.com/game.php?id=629705"]
[Date "2009.8.3"]
[Round "1"]
[White "juliocd"]
[Black "koshnarek"]
[Result "1-0"]
[WhiteElo "1502"]
[BlackElo "1652"]

1. d4 e6 2. Nf3 Be7 3. g3 Bb4+ 4. c3 Ba5 5. Bg2 f6 6. O-O d5 7. b4 Bb6 8. Be3
Bd7 9. a4 a5 10. b5 c6 11. Bf4 cxb5 12. Bxb8 Rxb8 13. axb5 Bxb5 14. Re1 Ne7 15.
Na3 Bc6 16. Rb1 a4 17. Bh3 Qd7 18. Rxb6 Nc8 19. Rb1 g5 20. Bg4 h5 21. Bxh5+ Rxh5
22. Qd3 Rh6 23. c4 b6 24. c5 b5 25. Qc3 Qc7 26. Qe3 Ke7 27. Ne5 fxe5 28. Qxg5+
Rf6 29. dxe5 Qxe5 30. Qxe5 Rb7 31. h4 Rf7 32. h5 Rh7 33. Qg5+ Kd7 34. Qg6 Kd8
35. h6 Rbe7 36. Nxb5 Be8 37. Qf6 Rf7 38. Qg5 Rh7 39. e4 dxe4 40. Rxe4 Bd7 41.
Rxa4 Ke8 42. Qg8# 1-0

[Event "Challenge"]
[Site "http://www.queenalice.com/game.php?id=649199"]
[Date "2009.9.8"]
[Round "-"]
[White "koshnarek"]
[Black "juliocd"]
[Result "0-1"]
[WhiteElo "1635"]
[BlackElo "1492"]

1. e4 d5 2. e5 d4 3. Bc4 e6 4. Nf3 Nc6 5. c3 Nge7 6. cxd4 Nxd4 7. Nxd4 Qxd4 8.
d3 Qxe5+ 9. Be3 Qxb2 10. Nd2 Qe5 11. d4 Qf6 12. Ne4 Qg6 13. Ng3 Nf5 14. Nxf5
Qxg2 15. Kd2 exf5 16. a3 Bd6 17. Kc3 f4 18. Qh5 g6 19. Rhg1 Qxg1 20. Rxg1 gxh5
21. Bc1 f3 22. h4 c5 23. d5 a6 24. Be3 b5 25. Bb3 c4 26. Bc2 Bxa3 27. Bd1 a5 28.
Bxf3 Bb4+ 29. Kb2 Kf8 30. d6 c3+ 31. Kc2 Ra6 32. Bh6+ Ke8 33. Bf4 a4 34. Bxh5 a3
35. Ra1 Bf5+ 36. Kb3 Ra4 37. Be2 Be6+ 38. Kc2 Bc4 39. Bg4 a2 40. d7+ Ke7 41. Bc7
Ra3 42. d8=Q+ Rxd8 43. Bxd8+ Kxd8 44. Bf5 h6 45. f4 Bb3+ 46. Kc1 c2 47. Bxc2 Bc3
48. Bxb3 Bxa1 49. Bxf7 Bd4 50. Bxa2 Rxa2 51. f5 Rh2 52. Kb1 Rxh4 53. Kc2 b4 54.
Kb3 Bc5 55. f6 Ke8 56. Ka4 Kf7 57. Kb5 b3 58. Kxc5 b2 59. Kd5 b1=Q 60. Ke5 Qb5+
61. Kd6 Re4 62. Kc7 Re6 63. Kd8 Qd5+ 64. Kc7 Qc6+ 65. Kb8 Rd6 66. Ka7 Qb6+ 67.
Ka8 Rd8# 0-1

[Event "UOL2"]
[Site "http://www.queenalice.com/game.php?id=695702"]
[Date "2009.12.10"]
[Round "2"]
[White "jordancavalera"]
[Black "juliocd"]
[Result "1-0"]
[WhiteElo "1696"]
[BlackElo "1534"]

1. e4 e5 2. Nf3 Nf6 3. Nc3 g6 4. Nxe5 d6 5. Nf3 Bg7 6. d3 Nc6 7. a3 O-O 8. g3
Bg4 9. Be3 b6 10. Bg2 Bxf3 11. Qxf3 a5 12. O-O Ne5 13. Qe2 Qd7 14. a4 c5 15.
Rad1 Neg4 16. Bh3 h5 17. d4 Qe6 18. d5 Qe5 19. Bf4 Qe7 20. Rfe1 Rae8 21. Qb5 Rb8
22. Re2 Nd7 23. f3 Bxc3 24. fxg4 Be5 25. gxh5 Bxf4 26. gxf4 Nf6 27. hxg6 fxg6
28. Rd3 Nh5 29. Be6+ Kg7 30. Rf3 Rxf4 31. Rff2 Rg4+ 32. Bxg4 Qg5 33. Qd7+ Kh6
34. Kh1 Nf6 35. Qxd6 Qc1+ 36. Kg2 Qg5 37. Qxb8 Qxg4+ 38. Qg3 Qg5 39. Qxg5+ Kxg5
40. d6 c4 41. e5 Nd5 42. Re4 Nb4 43. d7 Nc6 44. e6 Kh6 45. e7 1-0

[Event "UOL2"]
[Site "http://www.queenalice.com/game.php?id=748363"]
[Date "2010.3.19"]
[Round "3"]
[White "juliocd"]
[Black "neoiron"]
[Result "1-0"]
[WhiteElo "1517"]
[BlackElo "1308"]

1. d4 Nc6 2. Nf3 Nf6 3. d5 Nb4 4. c3 Na6 5. g3 d6 6. e3 Bg4 7. Bxa6 bxa6 8. O-O
Qd7 9. h3 Bxh3 10. Re1 c6 11. c4 Qg4 12. Nd4 Qxd1 13. Rxd1 c5 14. Nc6 Bg4 15.
Re1 Ne4 16. Nc3 Ng5 17. e4 Nh3+ 18. Kg2 f5 19. f3 Bh5 20. Kxh3 Bxf3 21. exf5 h5
22. Bg5 Kf7 23. Bxe7 Bg4+ 24. Kh2 Bxf5 25. Nd8+ Ke8 26. Bg5+ Kd7 27. Nf7 Rh7 28.
Bf4 Rb8 29. b3 g6 30. Ng5 Rh6 31. a3 Rxb3 32. Nce4 Rb2+ 33. Kg1 h4 34. Rab1 Bg7
35. Bxd6 Rxb1 36. Rxb1 Bd4+ 37. Kf1 Rh5 38. gxh4 Rxh4 39. Rb7+ Ke8 40. Nxc5 Rh1+
41. Ke2 Bg4+ 42. Kd3 Rd1+ 43. Ke4 Bc8 44. Rb8 Kd8 45. Nge6+ Ke8 46. Rxc8+ Kf7
47. Nxd4 g5 48. Rf8+ Kg6 49. Ra8 g4 50. Rg8+ Kh5 51. Nf5 a5 52. Kf4 Rf1+ 53. Ke5
Rf3 54. Ke4 Rxa3 55. Nd3 Ra4 56. Ne3 Ra2 57. Rxg4 a4 58. Kf5 Rd2 59. Nf4+ Kh6
60. Kf6 Rb2 61. Rh4# 1-0

[Event "Challenge"]
[Site "http://www.queenalice.com/game.php?id=775291"]
[Date "2010.5.14"]
[Round "-"]
[White "montelo"]
[Black "juliocd"]
[Result "1-0"]
[WhiteElo "2114"]
[BlackElo "1517"]

1. e4 d5 2. c3 dxe4 3. Qa4+ c6 4. Qxe4 e6 5. d4 Nf6 6. Qf3 Nbd7 7. Nh3 Nb6 8.
Bg5 Nc4 9. Bxc4 h6 10. Bxf6 gxf6 11. Nd2 Bd6 12. Ne4 f5 13. Nf6+ Kf8 14. Nh5 Qd7
15. Nf6 Qe7 16. Nh5 b5 17. Bxb5 cxb5 18. Qxa8 1-0

[Event "Challenge"]
[Site "http://www.queenalice.com/game.php?id=775292"]
[Date "2010.5.14"]
[Round "-"]
[White "juliocd"]
[Black "montelo"]
[Result "0-1"]
[WhiteElo "1517"]
[BlackElo "2113"]

1. d4 c6 2. Nf3 d6 3. Nc3 Nf6 4. g3 Bg4 5. Bg5 Qb6 6. b3 Qa5 7. Qd2 Nd5 8. Nh4
Nxc3 9. Bg2 b5 10. f3 Be6 11. f4 b4 12. O-O Qb5 13. Bf3 Bd5 14. Rf2 h6 15. Bxd5
cxd5 16. a4 Qa5 17. Bxe7 Bxe7 0-1

[Event "Challenge"]
[Site "http://www.queenalice.com/game.php?id=778545"]
[Date "2010.5.20"]
[Round "-"]
[White "montelo"]
[Black "juliocd"]
[Result "1-0"]
[WhiteElo "2126"]
[BlackElo "1517"]

1. e4 e5 2. Nf3 Nf6 3. Nxe5 Bd6 4. Nf3 Nxe4 5. Bc4 Nc6 6. Qe2 Qe7 7. O-O Nc5 8.
Qd1 b6 9. d3 Bb7 10. Re1 Be5 11. Bf4 O-O-O 12. Bxe5 Nxe5 13. Nxe5 Qf6 14. Nxf7
Qg6 15. g3 d5 16. Nxh8 Rxh8 17. Bb3 h5 18. h4 Qf5 19. d4 Ne4 20. Rf1 Nf6 21. c3
g6 22. Bc2 Ne4 23. f3 Nxg3 24. Bxf5+ 1-0

[Event "Challenge"]
[Site "http://www.queenalice.com/game.php?id=778546"]
[Date "2010.5.20"]
[Round "-"]
[White "juliocd"]
[Black "montelo"]
[Result "0-1"]
[WhiteElo "1517"]
[BlackElo "2123"]

1. e4 e5 2. Nf3 Nf6 3. g3 Nxe4 4. Nxe5 Qf6 5. f3 Qxe5 6. fxe4 Qxe4+ 7. Be2 Qxh1+
8. Kf2 Bc5+ 9. d4 Qxh2+ 10. Ke3 Qxg3+ 11. Bf3 Bb6 12. Qe2 O-O 13. Kd2 Bxd4 14.
c3 Bf6 15. Kd1 Re8 16. Be3 Bg5 17. Qf2 Qd6+ 18. Ke1 Bxe3 19. Qf1 Bc1+ 0-1